[Event "Zicosur 2016"]
[Site "?"]
[Date "2016.01.08"]
[Round "6.20"]
[White "CELIS, Kevin"]
[Black "ABARCA, Nicolas"]
[Result "0-1"]
[WhiteElo "2069"]
[BlackElo "2400"]
[PlyCount "106"]
[EventDate "2016.??.??"]
[SourceDate "2016.01.08"]

1. d4 Nf6 2. Bg5 Ne4 3. Bf4 d5 4. Nd2 Bf5 5. e3 e6 6. Bd3 g5 7. Bg3 h5 8. f3
Nxg3 9. hxg3 Bxd3 10. cxd3 c6 11. Kf2 Nd7 12. Nb3 a5 13. Rc1 Qb6 14. Qc2 Bg7
15. Ne2 a4 16. Nc5 Nxc5 17. Qxc5 Qxc5 18. Rxc5 Bf8 19. Rcc1 f5 20. e4 Kf7 21.
Ke3 Bd6 22. f4 g4 23. Rh2 Kg6 24. Rc2 a3 25. b3 Rh7 26. Rh1 Rah8 27. Nc3 h4 28.
gxh4 Rxh4 29. Rxh4 Rxh4 30. Rc1 Rh2 31. Rg1 Kh5 32. e5 Bb4 33. Ne2 Kg6 34. Ng3
b6 35. Kf2 Bc3 36. Ne2 Bb2 37. Ke3 Rh4 38. Ng3 c5 39. dxc5 bxc5 40. Ne2 Rh8 41.
Rd1 Rb8 42. Ng3 Bd4+ 43. Ke2 Rb4 44. Rh1 Bb2 45. Ke3 Bxe5 46. fxe5 f4+ 47. Kf2
fxg3+ 48. Kxg3 Rd4 49. Rc1 Kf5 50. Rxc5 Rxd3+ 51. Kh4 Rd2 52. Ra5 Rxa2 53. b4
Rxg2 0-1

[Event "ZICOSUR 2016"]
[Site "?"]
[Date "2016.01.08"]
[Round "6.14"]
[White "OSWALDO, Requejo Contrin"]
[Black "VALENZUELA GOMEZ, Fernando"]
[Result "0-1"]
[WhiteElo "2240"]
[BlackElo "2293"]
[PlyCount "58"]
[EventDate "2016.??.??"]
[SourceDate "2016.01.08"]

1. d4 Nf6 2. c4 g6 3. Nc3 Bg7 4. e4 d6 5. f4 O-O 6. Nf3 Bg4 7. Be3 c5 8. d5 e6
9. Bd3 exd5 10. cxd5 b5 11. e5 dxe5 12. fxe5 Nfd7 13. Bxb5 Nxe5 14. Bxc5 Bxf3
15. gxf3 Qh4+ 16. Bf2 Qh3 17. Bg3 Qg2 18. Rf1 Qxb2 19. Rc1 Ned7 20. Qd2 Bxc3
21. Rxc3 Qxb5 22. Rb3 Qc5 23. Rf2 Re8+ 24. Kf1 Nf6 25. d6 Nbd7 26. Qd3 Qc1+ 27.
Kg2 Re1 28. Qd2 Rg1+ 29. Kh3 Qc5 0-1

[Event "ZICOSUR 2016"]
[Site "?"]
[Date "2016.01.08"]
[Round "6.42"]
[White "SUÁREZ O'HIGGINS, Luis"]
[Black "MASAFIERRO ROMERO, Gino"]
[Result "1-0"]
[WhiteElo "1992"]
[BlackElo "1695"]
[PlyCount "121"]
[EventDate "2016.??.??"]
[SourceDate "2016.01.08"]

1. d4 d5 2. c4 Nf6 3. cxd5 Nxd5 4. e4 Nb6 5. Nc3 e6 6. Nf3 c5 7. Bf4 cxd4 8.
Nxd4 Bb4 9. Ndb5 Qxd1+ 10. Rxd1 Na6 11. Be2 O-O 12. a3 Bxc3+ 13. Nxc3 Nc5 14.
Bd6 Nca4 15. Nxa4 Nxa4 16. Bxf8 Kxf8 17. Bb5 Nb6 18. e5 Ke7 19. O-O a6 20. Be2
Bd7 21. Bf3 Nc4 22. Bxb7 Ra7 23. Be4 Nxb2 24. Rd4 g6 25. Rb1 Rc7 26. g4 Na4 27.
Rb8 Nc3 28. Bf3 Nb5 29. Rd3 Rc1+ 30. Kg2 Nc7 31. Rh8 Bb5 32. Rd1 Rc3 33. Ra1
Bc4 34. Rxh7 Bd5 35. Rh3 Rc4 36. Rg3 Ra4 37. Bxd5 exd5 38. h4 Re4 39. Rh1 Ne6
40. h5 Nf4+ 41. Kf3 Kf8 42. h6 Kg8 43. h7+ Kh8 44. Rgg1 Nd3 45. Rb1 Nxe5+ 46.
Kg2 Rxg4+ 47. Kf1 Nc6 48. Rb6 Rc4 49. Rxa6 Rc1+ 50. Kg2 Rxh1 51. Kxh1 Ne5 52.
Rd6 Nc4 53. Rd8+ Kxh7 54. a4 Kg7 55. Rxd5 Nb6 56. Rd4 Kf6 57. a5 Na8 58. a6 Ke5
59. Rd8 Nc7 60. a7 Kf4 61. Rc8 1-0

[Event "Zicosur 2016"]
[Site "?"]
[Date "2016.01.08"]
[Round "6.25"]
[White "SANCHEZ MILLONES, Jonathan"]
[Black "MUÑOZ CONTRERAS, Nelson"]
[Result "1-0"]
[WhiteElo "2219"]
[BlackElo "2071"]
[PlyCount "77"]
[EventDate "2016.??.??"]
[SourceDate "2016.01.08"]

1. e4 c5 2. Nf3 e6 3. c3 Nc6 4. d4 cxd4 5. cxd4 d5 6. e5 Nge7 7. Be3 Qb6 8. Qd2
Nf5 9. Nc3 Bd7 10. Bd3 Nxe3 11. fxe3 Be7 12. O-O a6 13. Rac1 Nb4 14. Bb1 a5 15.
a3 Na6 16. e4 Nc7 17. Kh1 h6 18. Rf2 Bc6 19. exd5 exd5 20. Nd1 Ne6 21. Ne3 g6
22. Ba2 Rd8 23. Ng4 h5 24. Nf6+ Bxf6 25. exf6 Rd6 26. Bb1 Rf8 27. b4 axb4 28.
axb4 Bb5 29. Ne5 Qxd4 30. Rc8+ Rd8 31. Rc7 Bd7 32. Qxd4 Nxd4 33. Rxb7 Rc8 34.
Bd3 Be6 35. h3 Kd8 36. b5 Rc7 37. Rb6 Re8 38. Ra2 Bd7 39. Nxf7+ 1-0

[Event "Zicosur 2016"]
[Site "?"]
[Date "2016.01.08"]
[Round "6.30"]
[White "MESIAS, Rabindranath"]
[Black "BULGARINI, Marco"]
[Result "1-0"]
[WhiteElo "2214"]
[BlackElo "1989"]
[PlyCount "85"]
[EventDate "2016.??.??"]
[SourceDate "2016.01.08"]

1. d4 Nf6 2. Nc3 d5 3. Bg5 Nbd7 4. Qd3 e6 5. e4 h6 6. Bxf6 Nxf6 7. Nf3 dxe4 8.
Nxe4 Be7 9. O-O-O O-O 10. Kb1 b6 11. Nxf6+ Bxf6 12. Qe4 Rb8 13. Bd3 g6 14. Ne5
Bb7 15. Qg4 Bxe5 16. dxe5 Qg5 17. Qxg5 hxg5 18. f3 g4 19. fxg4 Bxg2 20. Rhg1
Bb7 21. h4 Rbd8 22. h5 Kg7 23. Rdf1 c5 24. b3 Rd4 25. Bxg6 fxg6 26. h6+ Kxh6
27. Rxf8 Kg5 28. Re8 Rxg4 29. Rxg4+ Kxg4 30. Rxe6 Kf5 31. Re7 Be4 32. e6 a5 33.
Re8 Kf6 34. Kc1 Bf5 35. e7 Kf7 36. Rb8 Kxe7 37. Rxb6 g5 38. Rb5 Kd6 39. Rxa5 g4
40. Kd2 g3 41. Ke3 Bxc2 42. Kf3 Be4+ 43. Kxe4 1-0

[Event "ZICOSUR 2016"]
[Site "?"]
[Date "2016.01.08"]
[Round "6.29"]
[White "PINEDA, Adolfo"]
[Black "OLIVA, Carlos"]
[Result "1-0"]
[WhiteElo "2248"]
[BlackElo "2063"]
[PlyCount "115"]
[EventDate "2016.??.??"]
[SourceDate "2016.01.08"]

1. e4 d5 2. exd5 Qxd5 3. Nc3 Qd8 4. d4 c6 5. Nf3 Bf5 6. Bd3 Bxd3 7. Qxd3 e6 8.
O-O Be7 9. Re1 Nf6 10. b3 O-O 11. Bb2 Nbd7 12. Rad1 Re8 13. Ne2 Qa5 14. a3 Rad8
15. c4 b5 16. b4 bxc4 17. Qxc4 Qb5 18. Rc1 Rc8 19. Ne5 Nb8 20. Nc3 Qxc4 21.
Nxc4 Red8 22. Na4 Ne8 23. Na5 Nd6 24. Nc5 Bf6 25. Ncb3 Nf5 26. Red1 h5 27. Kf1
Bg5 28. Rc3 Bf6 29. Rcd3 Rd5 30. Ke2 Rcd8 31. Nc4 R5d7 32. Ne3 Nd6 33. Nc5 Re7
34. f3 Nb7 35. Ne4 a5 36. Nxf6+ gxf6 37. d5 e5 38. Nf5 Red7 39. dxc6 Rxd3 40.
Rxd3 Nxc6 41. Rc3 Nd4+ 42. Nxd4 exd4 43. Rc7 d3+ 44. Kd2 Nd6 45. Bxf6 Ra8 46.
Kxd3 axb4 47. axb4 Ra3+ 48. Rc3 Ra2 49. Rc2 Ra3+ 50. Kd4 Nf5+ 51. Kc5 Ra8 52.
Rb2 Ne3 53. b5 Rc8+ 54. Kd4 Nf5+ 55. Kd3 Rb8 56. b6 Rb7 57. Rb5 Rd7+ 58. Ke2
1-0

[Event "ZICOSUR 2016"]
[Site "?"]
[Date "2016.01.08"]
[Round "6.51"]
[White "MAMANI, Fernando"]
[Black "PINILLA, Agustin"]
[Result "1/2-1/2"]
[WhiteElo "1362"]
[BlackElo "2038"]
[PlyCount "109"]
[EventDate "2016.??.??"]
[SourceDate "2016.01.08"]

1. e4 e5 2. Nf3 Nc6 3. c3 Nf6 4. d3 d5 5. exd5 Qxd5 6. Be2 Bc5 7. h3 Bf5 8. Qb3
Qxb3 9. axb3 Nd7 10. O-O O-O 11. Nbd2 a5 12. Re1 f6 13. Nh4 Be6 14. Bf3 g5 15.
Bxc6 bxc6 16. Nhf3 Rfb8 17. c4 Bf5 18. Ne4 Bxe4 19. Rxe4 Rxb3 20. d4 exd4 21.
Nxd4 Bxd4 22. Rxd4 Ne5 23. Re4 Rb4 24. Bxg5 Kg7 25. f4 Ng6 26. f5 Ne5 27. Bf4
Rxc4 28. Rxc4 Nxc4 29. b3 Nd6 30. Bd2 Nb7 31. Be3 Rd8 32. Bf4 Rd7 33. Kf2 Kf7
34. Ke3 Ke7 35. Ra4 Nc5 36. Rxa5 Nxb3 37. Ra7 Nd4 38. g4 Nb5 39. Ra6 c5 40. Rc6
Nc3 41. Rxc5 Nd5+ 42. Kf3 Nxf4 43. Kxf4 Rd4+ 44. Kg3 Rd7 45. Rc6 Kf7 46. h4 h6
47. g5 fxg5 48. hxg5 hxg5 49. Rg6 Rd5 50. Kg4 Rd1 51. Rxg5 Rg1+ 52. Kf4 Rxg5
53. Kxg5 c5 54. Kf4 Kf6 55. Ke4 1/2-1/2

[Event "Zicosur 2016"]
[Site "?"]
[Date "2016.01.08"]
[Round "6.39"]
[White "DIAZ, German"]
[Black "POBLETE, Pablo"]
[Result "1/2-1/2"]
[WhiteElo "1809"]
[BlackElo "1999"]
[PlyCount "53"]
[EventDate "2016.??.??"]

1. e4 e5 2. Nf3 Nc6 3. Bb5 a6 4. Bxc6 dxc6 5. O-O Ne7 6. d4 exd4 7. Nxd4 c5 8.
Nb3 Qxd1 9. Rxd1 Nc6 10. Be3 b6 11. Nc3 Be6 12. Bf4 Nb4 13. Rac1 c6 14. Bc7 b5
15. Bb6 Rb8 16. Bxc5 Bxb3 17. Bxf8 Nxa2 18. Nxa2 Bxa2 19. Bxg7 Rg8 20. Be5 Rb7
21. Ra1 Bc4 22. Rxa6 Rg6 23. f3 Be2 24. Rd6 Rxd6 25. Bxd6 Kd7 26. e5 Bd1 27. c3
1/2-1/2

[Event "ZICOSUR 2016"]
[Site "?"]
[Date "2016.01.08"]
[Round "6.50"]
[White "PINILLA, Sofia"]
[Black "GARMENDIA, Sofia"]
[Result "1-0"]
[WhiteElo "1771"]
[BlackElo "1335"]
[PlyCount "39"]
[EventDate "2016.??.??"]

1. e4 c5 2. Nc3 d6 3. g3 Nf6 4. Bg2 g6 5. Nge2 Bg7 6. O-O O-O 7. d3 Nc6 8. h3
Bd7 9. Be3 Qc8 10. Kh2 b5 11. Qd2 Rb8 12. Bh6 e5 13. Bxg7 Kxg7 14. f4 Qd8 15.
f5 a5 16. Nd5 b4 17. Rf2 Nxd5 18. exd5 Nd4 19. f6+ Kg8 20. Qh6 1-0

[Event "Zicosur 2016"]
[Site "?"]
[Date "2016.01.08"]
[Round "6.32"]
[White "SAUVOGEOT, Diego"]
[Black "GUTIERREZ, Sebastian"]
[Result "1/2-1/2"]
[WhiteElo "2006"]
[BlackElo "2110"]
[PlyCount "64"]
[EventDate "2016.??.??"]

1. d4 d6 2. c4 Nf6 3. Nc3 g6 4. e4 Bg7 5. Nf3 O-O 6. h3 e5 7. d5 Nbd7 8. Be3
Nh5 9. Nh2 Nc5 10. b4 Na6 11. a3 Nf4 12. g3 Nxh3 13. Nf3 g5 14. Bxh3 g4 15. Bg2
gxf3 16. Qxf3 Qf6 17. Qxf6 Bxf6 18. O-O-O Bg7 19. Bh3 f5 20. exf5 Bxf5 21. Bxf5
Rxf5 22. Rh2 Rf7 23. Rdh1 Bf6 24. Ne4 Be7 25. Rh6 Rd8 26. Re6 Nb8 27. Rxe7 Rxe7
28. Bg5 Rdd7 29. Bxe7 Rxe7 30. c5 dxc5 31. bxc5 Nd7 32. Kd2 b6 1/2-1/2

[Event "Zicosur 2016"]
[Site "?"]
[Date "2016.01.08"]
[Round "6.13"]
[White "PRINCIPE, Gerson"]
[Black "DUARTE, Leonardo"]
[Result "1/2-1/2"]
[WhiteElo "2252"]
[BlackElo "2338"]
[PlyCount "53"]
[EventDate "2016.??.??"]

1. Nf3 Nf6 2. b3 d5 3. Bb2 c6 4. g3 Bf5 5. Bg2 Nbd7 6. O-O Qc7 7. d4 h6 8. c4
e6 9. Nc3 Be7 10. Nd2 O-O 11. e4 dxe4 12. Ndxe4 Nxe4 13. Nxe4 Nf6 14. Qe2 Bxe4
15. Bxe4 Nxe4 16. Qxe4 Bf6 17. Rfd1 Rfd8 18. Qe2 Rd7 19. Rd3 Rad8 20. Rad1 Qa5
21. Bc3 Qf5 22. R3d2 h5 23. h4 Qg6 24. Kh2 Qf5 25. Kg2 Qg6 26. Kh2 Qf5 27. Kg2
1/2-1/2

[Event "ZICOSUR 2016"]
[Site "?"]
[Date "2016.01.08"]
[Round "6.31"]
[White "ROCCA, Cristian"]
[Black "MONTERO, Cristhian"]
[Result "1/2-1/2"]
[WhiteElo "2083"]
[BlackElo "2162"]
[PlyCount "76"]
[EventDate "2016.??.??"]

1. e4 c6 2. d4 d5 3. Nc3 dxe4 4. Nxe4 Nd7 5. Nf3 Ngf6 6. Nxf6+ Nxf6 7. Bd3 Bg4
8. c3 e6 9. h3 Bh5 10. Bf4 Bd6 11. Bxd6 Qxd6 12. g4 Bg6 13. Bxg6 hxg6 14. Ne5
Qd5 15. f3 O-O 16. Qb3 Qd8 17. O-O-O Qc7 18. Kb1 c5 19. h4 cxd4 20. cxd4 Nd7
21. Nxd7 Qxd7 22. h5 g5 23. h6 Rad8 24. Qe3 Qd5 25. hxg7 Kxg7 26. Rh5 f6 27. f4
Rh8 28. fxg5 Rxh5 29. gxf6+ Kxf6 30. gxh5 Qxh5 31. Rf1+ Ke7 32. Qa3+ Rd6 33.
Qxa7 Qb5 34. Rc1 Rb6 35. Qa3+ Qb4 36. Qxb4+ Rxb4 37. a3 Rxd4 38. Rc7+ Rd7
1/2-1/2

[Event "Zicosur 2016"]
[Site "?"]
[Date "2016.01.08"]
[Round "6.11"]
[White "GEMY, Jose Daniel"]
[Black "PUEBLA, Claudio"]
[Result "1-0"]
[WhiteElo "2407"]
[BlackElo "2216"]
[PlyCount "43"]
[EventDate "2016.??.??"]

1. Nf3 Nf6 2. g3 g6 3. Bg2 Bg7 4. O-O O-O 5. d4 d6 6. b3 e5 7. dxe5 Nfd7 8. Bb2
Nc6 9. c4 dxe5 10. Nc3 e4 11. Ne1 f5 12. Nc2 Re8 13. Qd5+ Kh8 14. Rad1 Qe7 15.
Qd2 Qf7 16. Ne3 Nc5 17. Ncd5 Ne5 18. h4 a5 19. Qc1 c6 20. Nf4 a4 21. b4 a3 22.
Bxe5 1-0

[Event "ZICOSUR 2016"]
[Site "?"]
[Date "2016.01.08"]
[Round "6.44"]
[White "UBEIRA, Enrique"]
[Black "RIVERA, Andres"]
[Result "0-1"]
[WhiteElo "1676"]
[BlackElo "1895"]
[PlyCount "100"]
[EventDate "2016.??.??"]

1. e4 c5 2. Nf3 e6 3. d4 cxd4 4. Nxd4 a6 5. Be2 Nf6 6. Nc3 Qc7 7. Bf3 Nc6 8.
Nxc6 bxc6 9. O-O Be7 10. Re1 d5 11. Qd3 O-O 12. exd5 cxd5 13. Bg5 a5 14. Nb5
Qb6 15. Be3 Bc5 16. Bxc5 Qxc5 17. Nd4 Ba6 18. Qd2 a4 19. c3 Rfc8 20. Nc2 Rab8
21. Nb4 Bb7 22. Qd3 a3 23. Rab1 Nd7 24. h3 axb2 25. Rxb2 Qxc3 26. Qxc3 Rxc3 27.
Nxd5 Rxf3 28. gxf3 Bxd5 29. Rxb8+ Nxb8 30. Rc1 Nc6 31. f4 Kf8 32. Kf1 Ke7 33.
Ke2 Kd6 34. a3 h5 35. Ke3 Na5 36. Rc3 Nc6 37. Kd3 Ke7 38. Rc5 Kf6 39. h4 Kf5
40. Ke3 Kg4 41. a4 Kxh4 42. f3 Kg3 43. f5 h4 44. fxe6 fxe6 45. Rc1 Bxf3 46. Rf1
Bg2 47. Rf7 g5 48. Rg7 g4 49. Rg6 e5 50. Rf6 h3 0-1

[Event "Zicosur 2016"]
[Site "?"]
[Date "2016.01.08"]
[Round "6.19"]
[White "BELLI, Mario"]
[Black "MEDRANO, Mario"]
[Result "1-0"]
[WhiteElo "2404"]
[BlackElo "2068"]
[PlyCount "131"]
[EventDate "2016.??.??"]

1. d4 Nf6 2. Nf3 d5 3. c4 e6 4. Nc3 Be7 5. cxd5 exd5 6. Bg5 c6 7. e3 g6 8. Bd3
O-O 9. O-O Re8 10. Rb1 Nbd7 11. Qc2 Nf8 12. b4 a6 13. a4 Ne6 14. Bh4 Ng7 15. b5
axb5 16. axb5 Bf5 17. bxc6 bxc6 18. Bxf5 Nxf5 19. Bxf6 Bxf6 20. Na4 Qa5 21. Nb6
Rad8 22. Qxc6 Re6 23. Qa4 Qc3 24. Nd7 Qc8 25. Rb8 Qc7 26. Nxf6+ Rxf6 27. Rxd8+
Qxd8 28. Ne5 Rd6 29. Rb1 Qc7 30. h3 Kg7 31. Qa8 Rd8 32. Qb7 Qxb7 33. Rxb7 Nd6
34. Rd7 Rxd7 35. Nxd7 Nf5 36. Nb6 Ne7 37. f3 Kf6 38. Kf2 Ke6 39. e4 dxe4 40.
fxe4 f5 41. Ke3 fxe4 42. Kxe4 Nf5 43. Nc4 Ng3+ 44. Kd3 g5 45. Ne3 h5 46. Kc4
Kd6 47. d5 h4 48. Kd4 Ne2+ 49. Ke4 Ng3+ 50. Kf3 Ke5 51. Kg4 Ne4 52. d6 Kd4 53.
Nf5+ Ke5 54. d7 Nf6+ 55. Kxg5 Nxd7 56. Nxh4 Ke6 57. g4 Kf7 58. Kf5 Kg7 59. Nf3
Nf8 60. Ne5 Kh6 61. h4 Nh7 62. g5+ Kg7 63. h5 Nxg5 64. Kxg5 Kh7 65. h6 Kg8 66.
Kg6 1-0

[Event "Zicosur 2016"]
[Site "?"]
[Date "2016.01.08"]
[Round "6.21"]
[White "BARRIA, Armin"]
[Black "SANCHEZ, Gonzalo"]
[Result "0-1"]
[WhiteElo "2045"]
[BlackElo "2247"]
[PlyCount "100"]
[EventDate "2016.??.??"]

1. d4 Nf6 2. c4 e6 3. Nf3 c5 4. e3 cxd4 5. exd4 Bb4+ 6. Bd2 Bxd2+ 7. Nbxd2 O-O
8. Bd3 d6 9. O-O Nbd7 10. Qc2 b6 11. Ng5 h6 12. Nge4 Nxe4 13. Nxe4 Nf6 14.
Nxf6+ Qxf6 15. Bh7+ Kh8 16. Be4 Rb8 17. Rfd1 Bd7 18. Qe2 Rbc8 19. Rac1 Rc7 20.
Rc3 Rfc8 21. Rf3 Qe7 22. Bd3 Bc6 23. Rg3 Qh4 24. Qe3 Qf6 25. Re1 g5 26. b4 b5
27. cxb5 Bd5 28. a4 Rc3 29. a5 R8c4 30. Qe2 Rxb4 31. Be4 Rxg3 32. hxg3 Bxe4 33.
Qxe4 Qxd4 34. Qb7 Kg7 35. b6 Rb2 36. Rf1 axb6 37. a6 Ra2 38. a7 Qa4 39. Qxb6 d5
40. Qc7 Qxa7 41. Qe5+ Kg6 42. Qh8 Qa8 43. Qd4 Qd8 44. Qd3+ Kg7 45. f4 Qb6+ 46.
Kh2 Qb2 47. Rg1 gxf4 48. gxf4 Qf2 49. Qh3 Qxf4+ 50. Kh1 Rf2 0-1

[Event "ZICOSUR 2016"]
[Site "?"]
[Date "2016.01.08"]
[Round "6.49"]
[White "SOTELO, Jose Miguel"]
[Black "OROSTICA, Pablo"]
[Result "1-0"]
[WhiteElo "1507"]
[BlackElo "1811"]
[PlyCount "89"]
[EventDate "2016.??.??"]
[SourceDate "2016.01.08"]

1. e4 c5 2. Nf3 e6 3. d3 a6 4. g3 Nc6 5. Bg2 g6 6. c3 Bg7 7. O-O Nge7 8. Re1
O-O 9. Be3 b6 10. d4 d6 11. e5 dxe5 12. Nxe5 Bb7 13. Nxc6 Bxc6 14. Bxc6 Nxc6
15. dxc5 b5 16. Qxd8 Rfxd8 17. f4 b4 18. a3 a5 19. axb4 axb4 20. Rxa8 Rxa8 21.
cxb4 Nxb4 22. Rd1 Bxb2 23. Bd4 Bxd4+ 24. Rxd4 Nc6 25. Rd6 Rc8 26. Nc3 Kf8 27.
Na4 Ne7 28. Nb6 Rc7 29. Rd8+ Kg7 30. Rd7 Nd5 31. Rxc7 Nxc7 32. Nd7 f6 33. Kf2
Kf7 34. Ke3 h6 35. Kd4 Ke7 36. c6 Kd6 37. Nxf6 Nb5+ 38. Ke4 Nc3+ 39. Kd4 Nb5+
40. Kc4 Na7 41. Ng8 h5 42. c7 e5 43. fxe5+ Kxe5 44. Ne7 g5 45. Nc6+ 1-0

[Event "ZICOSUR 2016"]
[Site "?"]
[Date "2016.01.08"]
[Round "6.26"]
[White "AVALOS, Joao"]
[Black "GARMENDIA, Gabriel"]
[Result "1/2-1/2"]
[WhiteElo "2148"]
[BlackElo "2055"]
[PlyCount "50"]
[EventDate "2016.??.??"]
[SourceDate "2016.01.08"]

1. c4 Nf6 2. Nf3 e6 3. g3 d5 4. Bg2 Be7 5. O-O O-O 6. d4 c6 7. Nc3 b6 8. Ne5
Bb7 9. e4 Na6 10. Qa4 c5 11. cxd5 cxd4 12. Qxd4 exd5 13. Nxd5 Nxd5 14. exd5 Nb4
15. Qg4 f5 16. Qc4 Bxd5 17. Bxd5+ Qxd5 18. Qxd5+ Nxd5 19. Rd1 Nf6 20. Be3 Rac8
21. Rac1 Rxc1 22. Rxc1 Nd5 23. Nc6 Bf6 24. Nxa7 Nxe3 25. fxe3 Bxb2 1/2-1/2

[Event "?"]
[Site "?"]
[Date "2016.01.08"]
[Round "6.46"]
[White "SANDOVAL, Sebastian"]
[Black "GUERRERO, Juan"]
[Result "1-0"]
[WhiteElo "1623"]
[BlackElo "1877"]
[PlyCount "69"]
[EventDate "2016.??.??"]
[SourceDate "2016.01.08"]

1. e4 d5 2. exd5 Qxd5 3. Nc3 Qa5 4. d3 c6 5. Be2 Nf6 6. Nf3 Bg4 7. a3 e6 8. O-O
Bd6 9. h3 Bh5 10. Be3 Qc7 11. b4 O-O 12. Re1 Nbd7 13. Rb1 Nd5 14. Nxd5 exd5 15.
c4 Nf6 16. c5 Bf4 17. Bd4 Qd8 18. g3 Bc7 19. Ne5 Bg6 20. f4 Nd7 21. Bg4 Nxe5
22. fxe5 f5 23. exf6 gxf6 24. Be6+ Kh8 25. Qf3 Be5 26. Rxe5 Qc7 27. Re2 Rae8
28. Bxf6+ Rxf6 29. Qxf6+ Qg7 30. Qxg7+ Kxg7 31. Bg4 Rf8 32. Rd2 h5 33. Be2 Re8
34. Kf2 d4 35. Bf3 1-0

[Event "ZICOSUR 2016"]
[Site "?"]
[Date "2016.01.08"]
[Round "6.45"]
[White "AGUILAR, Pedro"]
[Black "ANDRADE, Alexander"]
[Result "1-0"]
[WhiteElo "1877"]
[BlackElo "1629"]
[PlyCount "59"]
[EventDate "2016.??.??"]
[SourceDate "2016.01.08"]

1. e4 c5 2. Nc3 e6 3. Bc4 Nc6 4. Nf3 a6 5. a4 Qc7 6. O-O Be7 7. Re1 Nf6 8. h3
O-O 9. d4 cxd4 10. Nxd4 Nxd4 11. Qxd4 Bc5 12. Qd3 Nh5 13. Bb3 d6 14. Qf3 Nf6
15. Bg5 Bd4 16. Rad1 Be5 17. Rd3 Bd7 18. Qe3 Bc6 19. f4 Bxc3 20. Rxc3 Qd7 21.
Bxf6 gxf6 22. f5 Kh8 23. Qh6 Qe7 24. Rf3 Rg8 25. Rfe3 e5 26. Rd3 Rad8 27. g4
Rg5 28. Kf2 d5 29. exd5 Bd7 30. d6 1-0

[Event "Zicosur 2016"]
[Site "?"]
[Date "2016.01.08"]
[Round "6.9"]
[White "BELMONTE, Diego Mariano"]
[Black "SALINAS HERRERA, Pablo"]
[Result "1-0"]
[WhiteElo "2258"]
[BlackElo "2455"]
[PlyCount "73"]
[EventDate "2016.??.??"]
[SourceDate "2016.01.08"]

1. d4 d5 2. c4 e6 3. Nf3 Nf6 4. cxd5 exd5 5. Nc3 Be7 6. Qc2 c6 7. Bf4 Nbd7 8.
h3 Nf8 9. e3 Ne6 10. Bh2 O-O 11. Bd3 c5 12. O-O g6 13. Rad1 c4 14. Be2 Bb4 15.
Be5 Nc7 16. b3 Bf5 17. Qb2 Bxc3 18. Qxc3 b5 19. Qa5 Nfe8 20. bxc4 bxc4 21. Nd2
Qd7 22. e4 dxe4 23. Bxc4 Ne6 24. g4 Ng5 25. gxf5 Qxf5 26. Qa3 Nxh3+ 27. Kg2 Ng5
28. Qg3 Rd8 29. Rh1 Nf6 30. Rh4 Nh5 31. Qg4 Ng7 32. Nxe4 Nxe4 33. Qxe4 Qc8 34.
Rxh7 Kxh7 35. Rh1+ Kg8 36. Qxg6 Qc6+ 37. Qxc6 1-0

[Event "Zicosur 2016"]
[Site "?"]
[Date "2016.01.08"]
[Round "6.43"]
[White "PARADA GARCES, Jaime"]
[Black "BELMONTE, Diego Jose"]
[Result "0-1"]
[WhiteElo "1766"]
[BlackElo "1948"]
[PlyCount "118"]
[EventDate "2016.??.??"]
[SourceDate "2016.01.08"]

1. e4 c5 2. c3 d5 3. exd5 Qxd5 4. d4 Nf6 5. Nf3 e6 6. Na3 Nc6 7. Nb5 Qd8 8. Bf4
Nd5 9. Bd2 a6 10. c4 Nf6 11. d5 exd5 12. cxd5 axb5 13. dxc6 bxc6 14. Be2 Be7
15. O-O O-O 16. a4 c4 17. b3 cxb3 18. Qxb3 Be6 19. Qc2 bxa4 20. Rxa4 Rxa4 21.
Qxa4 Bd5 22. Be3 Ne4 23. Qc2 Bf6 24. Bd3 Re8 25. Nd2 Qe7 26. Nxe4 Bxe4 27. Bxe4
Qxe4 28. Qxe4 Rxe4 29. Rc1 Re6 30. Kf1 Kf8 31. Ke2 Bd4 32. Kd3 Bxe3 33. fxe3
Ke7 34. Kd4 Kd6 35. Rf1 f6 36. Ra1 f5 37. g3 Re4+ 38. Kd3 Re7 39. Ra8 g6 40.
Rd8+ Kc5 41. Rb8 Ra7 42. Rb2 Kd5 43. Rd2 c5 44. Ke2+ Ke4 45. Rc2 Kd5 46. Kf3 c4
47. Rd2+ Kc5 48. e4 fxe4+ 49. Kxe4 Re7+ 50. Kf3 c3 51. Rd8 Kc4 52. Rc8+ Kd3 53.
Rd8+ Kc2 54. Kf2 Kc1 55. Rc8 c2 56. Rb8 Rd7 57. Ke1 Rd1+ 58. Kf2 Rd2+ 59. Ke1
Rxh2 0-1

[Event "Zicosur Open"]
[Site "chess24.com"]
[Date "2016.01.08"]
[Round "6.1"]
[White "Granda Zuniga, Julio E"]
[Black "Pichot, Alan"]
[Result "1/2-1/2"]
[WhiteElo "2683"]
[BlackElo "2517"]
[PlyCount "54"]
[EventDate "2016.??.??"]
[WhiteTeam "Perú"]
[BlackTeam "Argentina"]
[WhiteTeamCountry "PER"]
[BlackTeamCountry "ARG"]
[TimeControl "6000+820"]
[WhiteClock "1:06:58"]
[BlackClock "0:35:33"]

1. Nf3 Nf6 2. c4 g6 3. b4 Bg7 4. Bb2 d6 5. d4 O-O 6. Qb3 a5 7. b5 a4 8. Qa3 c6
9. e3 Qa5+ 10. Bc3 Qc7 11. Bd3 Nbd7 12. O-O e5 13. bxc6 bxc6 14. Nbd2 Re8 15.
Ne1 exd4 16. exd4 d5 17. Nef3 Ba6 18. Rfe1 Ne4 19. Nxe4 dxe4 20. Bxe4 Bxc4 21.
Bb4 Nf6 22. Bd6 Bf8 23. Bxf8 Nxe4 24. Ne5 Bd5 25. f3 Nf6 26. Bd6 Qa7 27. Qe3
Re6 1/2-1/2

[Event "Zicosur Open"]
[Site "chess24.com"]
[Date "2016.01.08"]
[Round "6.2"]
[White "Cheparinov, Ivan"]
[Black "Tiviakov, Sergei"]
[Result "1-0"]
[WhiteElo "2682"]
[BlackElo "2611"]
[PlyCount "79"]
[EventDate "2016.??.??"]
[WhiteTeam "Bulgaria"]
[BlackTeam "Holanda"]
[WhiteTeamCountry "BUL"]
[BlackTeamCountry "NED"]
[TimeControl "6000+1470"]
[WhiteClock "0:44:19"]
[BlackClock "0:02:24"]

1. d4 Nf6 2. c4 e6 3. Nf3 b6 4. g3 Bb7 5. Bg2 Be7 6. O-O O-O 7. Nc3 Na6 8. Ne5
d5 9. cxd5 exd5 10. Bf4 c5 11. Rc1 Ne4 12. Nxe4 dxe4 13. dxc5 Nxc5 14. Qc2 Rc8
15. Rcd1 Qe8 16. Bh3 Ne6 17. Qb3 Nc5 18. Qa3 Na4 19. Qe3 f5 20. Rd4 Kh8 21. Nd7
Rf7 22. Rxa4 Qxd7 23. Rxa7 Bc5 24. Qb3 b5 25. Rd1 Qe7 26. Bg5 Qf8 27. Ra5 Bc6
28. Ra6 Bb7 29. Re6 b4 30. Re5 Bb6 31. Qe6 Rc6 32. Qe8 h6 33. Rd7 e3 34. Rxb7
exf2+ 35. Kg2 hxg5 36. Rxf7 f1=Q+ 37. Kxf1 Rc1+ 38. Kg2 Rg1+ 39. Kf3 g4+ 40.
Kf4 1-0

[Event "Zicosur Open"]
[Site "chess24.com"]
[Date "2016.01.08"]
[Round "6.4"]
[White "Lopez Silva, Hugo"]
[Black "Rodriguez Vila, Andres"]
[Result "1-0"]
[WhiteElo "2426"]
[BlackElo "2487"]
[PlyCount "219"]
[EventDate "2016.??.??"]
[WhiteTeam "Chile"]
[BlackTeam "Uruguay"]
[WhiteTeamCountry "CHI"]
[BlackTeamCountry "URU"]
[TimeControl "6000+1255"]
[WhiteClock "0:03:24"]
[BlackClock "0:16:17"]

1. e4 e6 2. Nf3 d5 3. Nc3 Nf6 4. e5 Nfd7 5. d4 Be7 6. Bf4 g5 7. Bg3 h5 8. h4 g4
9. Ng5 Nf8 10. Qd2 Rg8 11. O-O-O Rg7 12. f3 Nc6 13. Ne2 Ng6 14. Nf4 Nxf4 15.
Bxf4 gxf3 16. Nxf3 Qd7 17. Ng5 Nb4 18. Kb1 Qa4 19. a3 Nc6 20. Qd3 Bd7 21. Be2
O-O-O 22. Bxh5 f6 23. Nf3 Rxg2 24. exf6 Bxf6 25. Bg5 Rf8 26. Bxf6 Rxf6 27. Rhg1
Rxg1 28. Rxg1 Rf8 29. Bg6 e5 30. Nxe5 Qxd4 31. Qxd4 Nxd4 32. h5 Ne2 33. Rh1 Ng3
34. Rh2 Be6 35. h6 Ne4 36. c3 Ng5 37. Rh5 Nh3 38. h7 Rh8 39. Rxh3 Bxh3 40. Nf7
Rf8 41. h8=Q Rxh8 42. Nxh8 Kd7 43. Bd3 c5 44. Ng6 Kd6 45. Kc1 a5 46. Kd2 Bd7
47. Ke3 b5 48. Kf4 b4 49. axb4 axb4 50. cxb4 cxb4 51. Ne5 Ba4 52. Nf3 Bb3 53.
Ke3 Kc5 54. Nd4 Bd1 55. Bc2 Bg4 56. Nb3+ Kc4 57. Nd4 Kc5 58. Bf5 Bd1 59. Bd3
Ba4 60. b3 Be8 61. Ne6+ Kd6 62. Ng7 Bf7 63. Kd4 Kd7 64. Nf5 Bh5 65. Ne3 Kd6 66.
Bf1 Bg6 67. Bg2 Bb1 68. Bxd5 Ba2 69. Nc2 Bxb3 70. Bxb3 Ke7 71. Nxb4 Kf6 72. Ke4
Kg5 73. Nd3 Kg6 74. Kf4 Kf6 75. Ne5 Ke7 76. Kf5 Kd6 77. Nd3 Ke7 78. Bc4 Kd7 79.
Ke5 Kc7 80. Ke6 Kc6 81. Ke7 Kc7 82. Nc5 Kb6 83. Nd3 Kc6 84. Ke6 Kc7 85. Bb5 Kb6
86. Ba4 Kc7 87. Ke7 Kb7 88. Kd6 Kb6 89. Bd7 Kb7 90. Bb5 Kb6 91. Bc6 Ka6 92. Kc5
Ka7 93. Nb4 Kb8 94. Nd5 Kc8 95. Kd6 Kb8 96. Kc5 Ka7 97. Kb5 Kb8 98. Bd7 Kb7 99.
Be6 Ka7 100. Bc8 Kb8 101. Ba6 Ka7 102. Ka5 Ka8 103. Kb6 Kb8 104. Ne7 Ka8 105.
Kb5 Kb8 106. Kb6 Ka8 107. Nd5 Kb8 108. Nb4 Ka8 109. Bb7+ Kb8 110. Nc6# 1-0